00895nam a2200229 a 450000100060000000300080000600500170001400800410003103500190007204000320009104100080012308200240013111000510015524501330020626000810033930000210042050400310044165000300047294200120050299900170051495201340053149930BD-RjUL20211209075431.0160822m19551963nyu b 100 0 eng  a(BD-RjUL)50050 aDLCcVJAdZCHdBD-RjULbeng aeng a361.3223bADM 19632 aNational Conference on Social Welfare.914965210aAdministration supervision and consultation :bpapers from the 1954 social welfare forum /cNational Conference of Social Work. aNew York. :bFamily Service Association of America, cc1955, [printing 1963] a114 p. ;c23 cm. aBibliographical footnotes. 0aSocial case work.9149644 2ddccBK c49930d49930 00102ddc40708NFICaRUCLbRUCLcE-Booksd1968-12-31eUnicefg0.00l0o361.3 ADM 1963r2016-08-23 00:00:00tC-2w2016-08-23yBK